Harry Styles - Wszystkie piosenki - Statystyki

Ogólne statystyki
  • Ten quiz został rozwiązany 508 razy
  • Średni wynik to 14 z 22
Statystyki odpowiedzi
Tytuł piosenki % Poprawnych
Watermelon Sugar
89%
Kiwi
84%
Fine Line
82%
Golden
81%
Adore You
79%
Cherry
75%
Falling
72%
She
67%
Carolina
65%
Lights Up
64%
Woman
64%
Canyon Moon
62%
From the Dining Table
61%
Meet Me in the Hallway
59%
Two Ghost
59%
Only Angel
57%
Sunflower, Vol. 6
57%
Treat People With Kindness
56%
Sweet Creature
54%
Ever Since New York
51%
To Be So Lonely
49%
Sing of the Times
43%
Nie znaleziono quizów pasujących do podanych kryteriów
Rozkład punktacji
Procent ludzi z każdym wynikiem
Percentyl według liczby udzielonych odpowiedzi
Twoja historia wyników
Nie rozwiązałeś tego quizu